[Event "Copenhagen AS04"]
[Site "Copenhagen"]
[Date "1979.??.??"]
[Round "5"]
[White "Westerinen, Heikki MJ"]
[Black "Larsen, Bent"]
[Result "1-0"]
[WhiteElo "2465"]
[BlackElo "2620"]

1.e4 c5 2.Nf3 Nc6 3.Bb5 Qc7 4.O-O Nf6 5.Re1 e6 6.c3 d5 7.e5 Nd7 8.d4 a6 9.Bf1 b5
10.Bf4 h6 11.h4 Nb6 12.dxc5 Bxc5 13.Nbd2 Na4 14.Qc2 Bd7 15.Nb3 Be7 16.h5 Qb7
17.Nfd4 Nxd4 18.cxd4 O-O 19.Re3 f5 20.exf6 Rxf6 21.Be5 Rf5 22.Rg3 Bf8 23.Re1 Be8
24.Bd3 Rxh5 25.Ree3 Rc8 26.Qe2 Qe7 27.Ref3 g5 28.Bf6 Qd6 29.Be5 Qd7 30.Re3 Rh4
31.f4 Bh5 32.Qf2 Qf7 33.fxg5 Rh1+ 34.Kxh1 Qxf2 35.gxh6+ Kf7 36.h7 Bh6 37.Bg6+ Bxg6
38.Ref3+ Qxf3 39.Rxf3+ Ke7 40.h8=Q Rxh8 41.Bxh8 Bb1 42.Na5 Nxb2 43.Nc6+ Ke8
44.Rb3 Bc1 45.Be5 Bf5 46.Ra3 Na4 47.Rg3 Bh6 48.Rg8+ Kd7 49.Nb8+ Ke7 50.Nxa6 Nc3
51.Rb8 Kf7 52.Nc7 Nxa2 53.Nxb5 Bf8 54.Rc8 Bd3 55.Nd6+ Bxd6 56.Bxd6 Bc4 57.Rf8+ Kg7
58.Rf3 Nc1 59.Be5+ Kg6 60.Rf6+ Kg5 61.Rxe6 Bd3 62.Kg1 Be4 63.Re8 Nd3 64.Bg3 Nb4
65.Kh2 Nc6 66.Bf2 Nb4 67.Be3+ Kf5 68.Re5+ Kf6 69.Rh5 Nc2 70.Bf2 Kg6 71.g4 Nb4
72.Kg3 Nd3 73.Be3 Kf6 74.Rh6+ Bg6 75.Rh1 Be4 76.Rb1 Kg7 77.Rb7+ Kg6 78.Rb6+ Kg7
79.Kh4 Ne1 80.Kh5 Nf3 81.g5 Nh2 82.g6 Bf3+ 83.Kg5 Be4 84.Rb7+  1-0

[Event "Copenhagen AS04"]
[Site "Copenhagen"]
[Date "1979.??.??"]
[Round "7"]
[White "Auchenberg, Per"]
[Black "Larsen, Bent"]
[Result "1/2-1/2"]
[WhiteElo "2225"]
[BlackElo "2620"]

1.e4 c5 2.Nf3 Nc6 3.Bb5 Qb6 4.Nc3 e6 5.O-O Nge7 6.Re1 Nd4 7.Bf1 Ng6 8.d3 Nxf3+
9.Qxf3 Be7 10.Qh5 d6 11.g3 Bd7 12.Bg2 Rc8 13.Nd1 c4 14.Be3 Qa6 15.d4 O-O
16.c3 e5 17.f4 exf4 18.Bxf4 Nxf4 19.gxf4 g6 20.Qh6 Rfe8 21.Ne3 Qb5 22.Re2 Bf6
23.Rf1 Bg7 24.Qh4 Kh8 25.Ref2 Qh5 26.Qxh5 gxh5 27.e5 b5 28.Bf3 Bh6 29.Nd5 dxe5
30.fxe5 Bh3 31.Re1 Rg8+ 32.Kh1 Bg5 33.Rg1 Bh4 34.Re2 Rxg1+ 35.Kxg1 Rg8+ 36.Kh1 Rg5
37.Nf6 Bf1 38.Rd2 Rf5 39.Bg2 Bg5 40.Rd1 Bd3 41.Ne4 Bxe4 42.Bxe4 Rf2 43.Rb1 Bf4
44.Bg2 Kg7 45.Rf1 Rxf1+ 46.Bxf1 Bc1 47.b3 cxb3 48.axb3 Bb2 49.Bxb5 Bxc3 50.d5 Bxe5
51.Kg2 Bd6 52.h3 f5 53.Kf3 Kf6 54.Be8 h4 55.Bc6 Ke5 56.Bd7 f4 57.Bb5 Kd4
58.Bd7 Kd3 59.Bb5+ Kd2 60.Ba4 a6 61.Bd7 Kc2 62.Ba4 h5 63.Ke2 Kc3 64.Kf3 Kd2
65.Bc6 Ke1 66.Bb7 a5 67.Bc6 Kd2  1/2-1/2

[Event "Hillerod"]
[Site "Hillerod"]
[Date "1979.??.??"]
[Round "3"]
[White "Kemp, Rasmus"]
[Black "Larsen, Ole"]
[Result "0-1"]
[WhiteElo "2200"]
[BlackElo "2200"]

1.e4 c5 2.Nf3 Nc6 3.Bb5 Nf6 4.Qe2 g6 5.c3 Bg7 6.O-O O-O 7.d4 cxd4 8.cxd4 a6
9.Ba4 d6 10.h3 Nd7 11.Rd1 Nb6 12.Bc2 d5 13.Nc3 dxe4 14.Bxe4 Nxd4 15.Nxd4 Bxd4
16.Be3 e5 17.Bxd4 exd4 18.Qd3 Be6 19.Qxd4 Qxd4 20.Rxd4 Rab8 21.Rad1 Rfc8
22.Nd5 Bxd5 23.Bxd5 Nxd5 24.Rxd5 Rc2 25.R5d2 Rbc8 26.Kf1 Kg7 27.Ke2 Kf6 28.Rxc2 Rxc2+
29.Rd2 Rxd2+ 30.Kxd2 Ke5 31.Ke3 h5 32.f4+ Kd5 33.f5 g5 34.g4 hxg4 35.hxg4 Ke5
36.b3 b6  0-1

[Event "Kecskemet"]
[Site "Kecskemet"]
[Date "1979.??.??"]
[Round "6"]
[White "Kormanyos, Zoltan"]
[Black "Rajna, George"]
[Result "0-1"]
[WhiteElo "2200"]
[BlackElo "2370"]

1.e4 c5 2.Nf3 Nc6 3.Bb5 g6 4.O-O Bg7 5.Re1 e6 6.c3 Nge7 7.d4 Qb6 8.Bxc6 bxc6
9.dxc5 Qxc5 10.Be3 Qb5 11.Na3 Qb8 12.e5 Ba6 13.Bc5 Qb7 14.Qd2 Nf5 15.g4 Bh6
16.Qc2 Ne7 17.Nd2 d5 18.exd6 Nd5 19.Ne4 O-O 20.c4 Bg7 21.cxd5 cxd5 22.Ng3 Rfc8
23.Rac1 Qd7 24.Qd2 e5 25.Qxd5 Bb7 26.Qc4 h5 27.h3 Bh6 28.Rxe5 Qc6 29.Ne4 Re8
30.Rxe8+ Rxe8 31.Re1 Bg7 32.f3 hxg4 33.hxg4 Bxb2 34.Qb5 Rxe4 35.Rxe4 Qd5
36.Bd4 Bxd4+ 37.Kf1 Bc5 38.Qe8+ Kh7 39.Nb5 Bc6 40.Nd4 Bxd4 41.Qe7 Qc4+ 42.Kg2 Bxe4
43.Qxe4 Qxa2+ 44.Kh3 Bf6 45.Qf4 Kg7 46.d7 Qd5  0-1

[Event "Lone Pine op"]
[Site "Lone Pine"]
[Date "1979.??.??"]
[Round "2"]
[White "Biyiasas, Peter"]
[Black "Rind, Bruce"]
[Result "1-0"]
[WhiteElo "2485"]
[BlackElo "2410"]

1.Nf3 c5 2.e4 Nc6 3.Bb5 e6 4.O-O Nge7 5.Nc3 Ng6 6.Re1 Be7 7.b3 O-O 8.Bb2 Qc7
9.Bf1 a6 10.Ne2 d5 11.exd5 exd5 12.Ng3 d4 13.c3 dxc3 14.Bxc3 Rd8 15.Qc2 Bg4
16.Qe4 Qd7 17.h3 Be6 18.Bc4 Bxc4 19.bxc4 b5 20.h4 b4 21.Bb2 Re8 22.Nf5 Bf6
23.Qg4 Rxe1+ 24.Rxe1 Qd8 25.Bxf6 Qxf6 26.h5 Nf8 27.Qe4 Rc8 28.Qd5 Ne6 29.Nd6 Ne7
30.Qb7 Rc7 31.Qb8+ Nc8 32.Nxc8 Qd8 33.Ne7+ Kf8 34.Qxd8+ Nxd8 35.Nd5 Rb7 36.Ng5 h6
37.Nh7+ Kg8 38.Re8+ Kxh7 39.Rxd8  1-0

[Event "Lone Pine op"]
[Site "Lone Pine"]
[Date "1979.??.??"]
[Round "3"]
[White "Whitehead, Paul A"]
[Black "Janosevic, Dragoljub"]
[Result "1-0"]
[WhiteElo "2365"]
[BlackElo "2400"]

1.e4 c5 2.Nf3 Nc6 3.Bb5 Nf6 4.Nc3 a6 5.Bxc6 dxc6 6.h3 h6 7.d3 Qc7 8.e5 Nd5
9.Ne4 Bf5 10.Qe2 O-O-O 11.Bd2 e6 12.a3 g5 13.g4 Bg6 14.h4 Be7 15.hxg5 hxg5
16.O-O-O Nf4 17.Bxf4 Rxh1 18.Rxh1 gxf4 19.Nf6 b5 20.Nh4 Bxf6 21.exf6 Rg8
22.Nf3 Qd8 23.Qe5 Qd5 24.Rh3 Qxe5 25.Nxe5 Kc7 26.Rh6 Kd6 27.Nxg6 fxg6 28.g5 Ke5
29.Rxg6  1-0

[Event "Lone Pine op"]
[Site "Lone Pine"]
[Date "1979.??.??"]
[Round "8"]
[White "Silman, Jeremy D"]
[Black "Shirazi, Kamran G"]
[Result "0-1"]
[WhiteElo "2370"]
[BlackElo "2370"]

1.e4 c5 2.Nf3 Nc6 3.Bb5 Qb6 4.Nc3 e6 5.O-O a6 6.Bc4 Qa5 7.Re1 b5 8.Bd5 Nge7
9.d3 Qc7 10.Bxc6 Nxc6 11.e5 Bb7 12.Bf4 f5 13.a4 b4 14.Nb1 Ne7 15.h4 h6 16.Nbd2 g5
17.Nc4 Ng6 18.Bg3 g4 19.h5 gxf3 20.hxg6 Rg8 21.Re3 Rxg6 22.Rxf3 Bxf3 23.Qxf3 Qc6
24.Qh5 Kf7 25.f3 Be7 26.Kh1 Kg7 27.Bh4 Rg5  0-1

[Event "Munich"]
[Site "Munich"]
[Date "1979.??.??"]
[Round "?"]
[White "Dankert, Peter"]
[Black "Robatsch, Karl"]
[Result "0-1"]
[WhiteElo "2360"]
[BlackElo "2435"]

1.e4 c5 2.Nf3 Nc6 3.Bb5 g6 4.O-O Bg7 5.Re1 Nf6 6.Nc3 O-O 7.e5 Ne8 8.d3 Nd4
9.Bc4 d6 10.Bf4 Bg4 11.exd6 Nxd6 12.Bxd6 Qxd6 13.Ne4 Qc7 14.c3 Bxf3 15.gxf3 Nf5
16.Ng3 Nd6 17.Bb3 b5 18.Qe2 e6 19.Kg2 Rab8 20.Rac1 b4 21.cxb4 Rxb4 22.Ne4 Bd4
23.Qd2 Rfb8 24.Qf4 Ne8 25.Qg5 Qd8 26.Qh6 Bg7 27.Qd2 c4 28.Rxc4 Rxc4 29.dxc4 Qxd2
30.Nxd2 Bxb2 31.Ne4 Nf6 32.Rd1 Rc8 33.Nd6 Rc5 34.Ne4 Nxe4 35.fxe4 Be5 36.h3 Kg7
37.Kf3 Bc7 38.Rd7 Kf6 39.Kg2 Rg5+ 40.Kf3 Bb6 41.Ba4 Rh5 42.Kg3 Ra5 43.Bb3 Re5
44.Bc2 Rc5 45.Bb3 g5 46.Kf3 h5 47.Rb7 Rc8 48.Rd7 Rf8 49.Kg3 Ke5 50.Bd1 h4+
51.Kf3 f5 52.exf5 Rxf5+ 53.Kg4 Kf6 54.f3 Rf4+ 55.Kh5 Rxc4 56.Bb3 Rc6 57.Rd2 Kf5
58.Re2 e5 59.Bc2+ Kf4 60.Be4 Rc1 61.Rg2 Rg1 62.Rc2 Be3 63.Rc8 Ra1 64.Bd5 Kg3
65.Rc3 Re1 66.Be6 Kxf3 67.Kg6 Kf4 68.Rc4+ e4 69.Rc8 Rc1 70.Rf8+ Ke5 71.Bd7 Bf4
72.Re8+ Kd4 73.Bf5 e3 74.Rd8+ Kc3 75.Bg4 Ra1  0-1

[Event "Pellestrina-A"]
[Site "Pellestrina"]
[Date "1979.??.??"]
[Round "7"]
[White "Joksic, Sinisa"]
[Black "Paniagua, Roberto"]
[Result "1-0"]
[WhiteElo "2370"]
[BlackElo "2210"]

1.e4 c5 2.Nf3 Nc6 3.Bb5 g6 4.O-O Bg7 5.c3 e5 6.d3 Nge7 7.Be3 b6 8.d4 cxd4
9.cxd4 exd4 10.Nxd4 O-O 11.Nc3 Bb7 12.Nde2 Rc8 13.Qd2 Ne5 14.Rad1 d5 15.exd5 Qd6
16.Bh6 a6 17.Bxg7 Kxg7 18.Bd3 Rfd8 19.Be4 Rc4 20.h3 f5 21.Bc2 Nxd5 22.Nxd5 Qxd5
23.Qg5 Nf3+ 24.gxf3 Qxf3 25.Qe7+ Kh6 26.Qe3+ Qxe3 27.fxe3 Rxc2 28.Rxd8 Rxe2
29.Rfd1 Rxb2 30.R8d2 Rb4 31.Kf2 Be4 32.Rd7 a5 33.Kg3 Rb2 34.R1d2 Rb4 35.Rc7 Ra4
36.h4 Ra3 37.Kf4 Bd3 38.Ke5 Bb5 39.Kd4  1-0

[Event "ISL-ch"]
[Site "Reykjavik"]
[Date "1979.??.??"]
[Round "5"]
[White "Asmundsson, Ingvar"]
[Black "Gudmundsson, Elvar"]
[Result "1-0"]
[WhiteElo "2400"]
[BlackElo "2220"]

1.e4 c5 2.Nf3 Nc6 3.Bb5 g6 4.c3 Nf6 5.Qe2 Bg7 6.O-O O-O 7.d4 cxd4 8.cxd4 d5
9.e5 Ne4 10.Nc3 Nxc3 11.bxc3 a6 12.Bd3 Bg4 13.h3 Bxf3 14.Qxf3 Na5 15.Ba3 Rc8
16.Rfb1 b5 17.Bf1 Nc4 18.Bc1 Qd7 19.a4 Rb8 20.axb5 axb5 21.Qd1 Rfc8 22.Qb3 e6
23.h4 Bf8 24.Qd1 Ra8 25.Rxa8 Rxa8 26.Bd3 Ra2 27.h5 Qa7 28.Rxb5 Qa4 29.Qxa4 Rxa4
30.Bg5 Ra8 31.Rb7 Rc8 32.Bxc4 dxc4 33.h6 Ba3 34.Kf1 Kf8 35.Ke2 Ke8 36.Kd2 Ra8
37.Rc7 Bf8 38.Ke3 Ba3 39.Ke4 Ra5 40.Rc8+ Kd7 41.Rh8 Be7 42.Bf6 Bxf6 43.exf6 Rf5
44.Rxh7 Rxf6 45.f4 Ke7 46.g4 e5 47.dxe5 Rb6 48.f5  1-0

[Event "DDR-ch 28th"]
[Site "Suhl"]
[Date "1979.??.??"]
[Round "14"]
[White "Boehnisch, Manfred"]
[Black "Tischbierek, Raj"]
[Result "1/2-1/2"]
[WhiteElo "2365"]
[BlackElo "2315"]

1.e4 c5 2.Nf3 Nc6 3.Bb5 g6 4.O-O Bg7 5.c3 Nf6 6.e5 Nd5 7.d4 cxd4 8.cxd4 O-O
9.Nc3 Nc7 10.Bf4 Nxb5 11.Nxb5 a6 12.Nc3 d6 13.exd6 Bg4 14.h3 Bxf3 15.Qxf3 exd6
16.d5 Ne5 17.Qg3 Qd7 18.b3 Qf5 19.Rad1 Rac8 20.Ne2 Rfe8 21.Rfe1 Qh5 22.Kf1 Rc2
23.Rd2 Rec8 24.Qe3 Rxd2 25.Qxd2 Qf5 26.Rc1 Rxc1+ 27.Nxc1 h5 28.a4 Qb1 29.f3 Kh7
30.Ke2 b5 31.axb5 axb5 32.Be3 Nd7 33.Qd3 Qb2+ 34.Qd2 Qxd2+ 35.Bxd2 Nb6 36.Na2 Nxd5
37.Nb4 Nc7 38.Bf4 Be5 39.Bxe5 dxe5 40.Kd3 Kg7 41.Nc6 f6 42.Ke4 Kf7 43.f4 exf4
44.Kxf4 Ke6 45.g4 Nd5+ 46.Ke4 f5+ 47.gxf5+ gxf5+ 48.Kd4 Nf4 49.Na7 b4 50.Nc6 Nxh3
51.Nxb4 Nf4 52.Nc2 Nd5 53.Ne1 h4 54.Nf3  1/2-1/2

[Event "SWE-ch"]
[Site "?"]
[Date "1979.??.??"]
[Round "?"]
[White "Svensson, Bengt"]
[Black "Fridh, Anton"]
[Result "1-0"]
[WhiteElo "2200"]
[BlackElo "2270"]

1.e4 c5 2.Nf3 Nc6 3.Bb5 g6 4.O-O Bg7 5.c3 Qb6 6.Bxc6 dxc6 7.h3 Nf6 8.Re1 O-O
9.d4 Be6 10.Qc2 Rfd8 11.Be3 cxd4 12.cxd4 Qa6 13.Nc3 Rac8 14.Qc1 Ne8 15.Rd1 Nd6
16.Bh6 Bh8 17.Qf4 f6 18.Qe3 Bf7 19.b3 b5 20.g4 b4 21.Na4 Qb5 22.Rac1 Nb7
23.Rd2 Bg7 24.Bxg7 Kxg7 25.Rdc2 Rd7 26.Nc5 Nxc5 27.Rxc5 Qb7 28.R1c2 Rdc7
29.Qc1 Qa6 30.Qd2 Qb7 31.Rc1 Rd8 32.Qc2 Be8 33.d5 Qa6 34.Nd4 Bf7 35.Qd2 Qa3
36.Nb5 cxb5 37.Rxc7 Re8 38.g5 a5 39.Qd4  1-0

[Event "SWE-ch"]
[Site "?"]
[Date "1979.??.??"]
[Round "?"]
[White "Svenn, Matti"]
[Black "Schneider, Lars Ake"]
[Result "0-1"]
[WhiteElo "2200"]
[BlackElo "2420"]

1.e4 c5 2.Nf3 Nc6 3.Bb5 g6 4.O-O Bg7 5.Re1 e5 6.c3 Nge7 7.Na3 O-O 8.Nc2 d6
9.a4 Be6 10.Bf1 Na5 11.b4 Nb3 12.Rb1 cxb4 13.Nxb4 Nxc1 14.Qxc1 Qa5 15.Qa3 h6
16.Nc2 Qc7 17.Qb4 b6 18.Na3 d5 19.Nb5 Qd7 20.d3 Rfd8 21.h3 Rac8 22.Na3 Nc6
23.Qb2 dxe4 24.dxe4 Na5 25.Bb5 Qd6 26.Rbc1 Qc5 27.Qb4 Nb3 28.Qxc5 Nxc5 29.Rc2 Bb3
30.Rd2 Bxa4 31.c4 Rxd2 32.Nxd2 Rd8 33.Ndb1 a6 34.Bxa4 Nxa4 35.Nc2 Bf8 36.f3 Nb2  0-1

[Event "SWE-ch"]
[Site "?"]
[Date "1979.??.??"]
[Round "?"]
[White "Kaiszauri, Konstanty"]
[Black "Gruvaeus, Curt"]
[Result "1-0"]
[WhiteElo "2405"]
[BlackElo "2200"]

1.e4 c5 2.Nf3 Nc6 3.Bb5 g6 4.O-O Qb6 5.a4 a6 6.Bxc6 Qxc6 7.d4 Bg7 8.Nc3 d6
9.dxc5 dxc5 10.Nd5 Bg4 11.Bf4 Rc8 12.Re1 e6 13.a5 h6 14.h3 Bxf3 15.Qxf3 Ne7
16.Rad1 e5 17.Bg3 Qe6 18.Qb3 O-O 19.Qxb7 Nxd5 20.Qxd5 Qe7 21.Qd7 Qxd7 22.Rxd7 Rb8
23.b3 Rb5 24.Ra1 f5 25.f3 Rc8 26.Rd6 c4 27.Rxg6 cxb3 28.cxb3 fxe4 29.fxe4 Rc3
30.Bf2 Rbxb3 31.Rxa6 Rb2 32.Ra8+ Kh7 33.a6 Rcc2 34.Rf1 Ra2 35.a7 Rc4 36.Rb8 Rca4
37.Rc1 Bf6 38.Rc7+ Kg6 39.Rg8+  1-0

[Event "SWE-ch"]
[Site "?"]
[Date "1979.??.??"]
[Round "?"]
[White "Kaiszauri, Konstanty"]
[Black "Cramling, Dan"]
[Result "0-1"]
[WhiteElo "2405"]
[BlackElo "2355"]

1.e4 c5 2.Nf3 Nc6 3.Bb5 g6 4.O-O Bg7 5.Re1 e5 6.Bxc6 dxc6 7.d3 Qc7 8.Nbd2 Nf6
9.a3 O-O 10.b4 cxb4 11.Bb2 Nh5 12.axb4 Nf4 13.Ra3 Re8 14.Qa1 a6 15.d4 exd4
16.Bxd4 Bxd4 17.Nxd4 Qe7 18.Rf3 Nxg2 19.e5 Nxe1  0-1

[Event "URS-ch (Women)"]
[Site "Tbilisi"]
[Date "1979.??.??"]
[Round "3"]
[White "Fatalibekova, Elena"]
[Black "Semenova, Lidia K"]
[Result "0-1"]
[WhiteElo "2290"]
[BlackElo "2245"]

1.e4 c5 2.Nf3 Nc6 3.Bb5 e6 4.O-O Nge7 5.b3 a6 6.Bxc6 Nxc6 7.Bb2 d6 8.d4 cxd4
9.Nxd4 e5 10.Ne2 Be7 11.Nbc3 O-O 12.Nd5 Be6 13.f4 exf4 14.Nexf4 Ne5 15.c4 Rc8
16.Qd4 Re8 17.Rad1 Bf8 18.Qa7 Qh4 19.Qxb7 Rb8 20.Qa7 Bg4 21.Rd2 Nc6 22.Qf2 Qxf2+
23.Rfxf2 Rxe4 24.h3 Bc8 25.Rfe2 Rxe2 26.Rxe2 f6 27.Ba3 Ne5 28.Rd2 Kf7 29.Kf2 a5
30.Nc3 g5 31.Nfe2 Rb6 32.Ne4 d5 33.Bxf8 dxe4 34.Bc5 Ra6 35.Bd4 Nd3+ 36.Ke3 f5
37.g4 Rh6 38.gxf5 Rxh3+  0-1

[Event "CSR-ch"]
[Site "Trencianske Teplice"]
[Date "1979.??.??"]
[Round "8"]
[White "Jansa, Vlastimil"]
[Black "Vokac, Marek"]
[Result "1/2-1/2"]
[WhiteElo "2495"]
[BlackElo "2330"]

1.e4 c5 2.Nf3 Nc6 3.Bb5 Nd4 4.Nxd4 cxd4 5.O-O g6 6.c3 Qb6 7.Bc4 Bg7 8.cxd4 Bxd4
9.Nc3 e6 10.d3 a6 11.Ne2 Bg7 12.Bb3 Ne7 13.Be3 Qd8 14.Qd2 O-O 15.Bg5 d6 16.Ng3 Bd7
17.d4 Qe8 18.Rad1 Nc6 19.Be3 Qd8 20.d5 exd5 21.Bxd5 Re8 22.b3 Rb8 23.Rfe1 Ne5
24.Ba7 Ra8 25.Bd4 Rb8 26.Ba7 Ra8 27.Bd4 Rb8 28.Ba7  1/2-1/2

[Event "Tirnavia-A"]
[Site "Trnava"]
[Date "1979.??.??"]
[Round "2"]
[White "Tseitlin, Mikhail S"]
[Black "Pavlov, Mircea"]
[Result "0-1"]
[WhiteElo "2505"]
[BlackElo "2410"]

1.e4 c5 2.Nf3 Nc6 3.Bb5 d6 4.O-O Bd7 5.c3 Nf6 6.Re1 a6 7.Bxc6 Bxc6 8.d4 Bxe4
9.Bg5 Bd5 10.Nbd2 e6 11.c4 Bxf3 12.Qxf3 cxd4 13.Bxf6 gxf6 14.Qxb7 Bg7 15.Rxe6+ fxe6
16.Qxg7 Rf8 17.Qxh7 Qd7 18.Qg6+ Ke7 19.Nf3 Rac8 20.b3 d5 21.Nxd4 dxc4 22.Rd1 Qd5
23.bxc4 Rxc4 24.Qd3 f5 25.h4 Rd8 26.Qg3 Kf7 27.Qg5 Rg8 28.Qh5+ Rg6 29.Nf3 Qxd1+
30.Kh2 Kg7  0-1

[Event "URS Spartakiad"]
[Site "URS"]
[Date "1979.??.??"]
[Round "?"]
[White "Egin, Vladimir"]
[Black "Tukmakov, Vladimir B"]
[Result "0-1"]
[WhiteElo "2200"]
[BlackElo "2575"]

1.e4 c5 2.Nf3 Nc6 3.Bb5 Nf6 4.Nc3 g6 5.h3 Nd4 6.e5 Nxb5 7.Nxb5 Nd5 8.Qe2 Nc7
9.d4 Nxb5 10.Qxb5 cxd4 11.Bg5 h6 12.Bf4 Bg7 13.O-O-O O-O 14.Nxd4 a6 15.Qb4 d5
16.Qd2 Kh7 17.h4 Qb6 18.h5 g5 19.Bg3 Bd7 20.f4 gxf4 21.Bxf4 Rac8 22.g4 Bxg4
23.Rdg1 f5 24.Qd3 Kh8 25.Nf3 Qb4 26.Nd4 Rc4 27.Rd1 Bxd1 28.Rxd1 Rfc8 29.Qxf5 Rf8
30.Qg6 Rxd4 31.Rg1 Rg8 32.Bxh6 Rg4 33.Bxg7+ Rxg7 34.Qh6+ Kg8 35.Qe6+ Kh7
36.Qf5+ Kh6 37.Qe6+ R7g6  0-1

[Event "URS Spartakiad"]
[Site "URS"]
[Date "1979.??.??"]
[Round "?"]
[White "Nevednichy, Boris M"]
[Black "Lukin, Andrei M"]
[Result "1/2-1/2"]
[WhiteElo "2200"]
[BlackElo "2460"]

1.e4 c5 2.Nf3 Nc6 3.Bb5 d6 4.O-O Bd7 5.c3 Nf6 6.Re1 a6 7.Bxc6 Bxc6 8.d4 Bxe4
9.Bg5 Bd5 10.Nbd2 e6 11.c4 Bxf3 12.Qxf3 cxd4 13.Qxb7 Qc8 14.Qb6 Qc5 15.Qb7 Qc8
16.Qb6 Qc5  1/2-1/2

[Event "URS Spartakiad"]
[Site "URS"]
[Date "1979.??.??"]
[Round "?"]
[White "Kausilaite, Vilhelmina"]
[Black "Akopian, Artak"]
[Result "1/2-1/2"]
[WhiteElo "2000"]
[BlackElo "2000"]

1.e4 c5 2.Nf3 Nc6 3.Bb5 e6 4.O-O Nge7 5.d4 cxd4 6.Nxd4 a6 7.Nxc6 Nxc6 8.Bd3 Be7
9.c4 Qc7 10.Nc3 d6 11.Be3 Bd7 12.Rc1 Bf6 13.Bb1 O-O 14.f4 Rab8 15.Kh1 g6
16.c5 Be7 17.f5 dxc5 18.Bf4 e5 19.Nd5 Qd8 20.Bh6 Re8 21.fxg6 hxg6 22.Rxc5 Be6
23.Rc3 Nd4 24.Nc7 Nb5 25.Qxd8 Rexd8 26.Nxb5 axb5 27.Be3 Rd7 28.b3 Rbd8 29.Bb6 Rd1
30.Rc1 Rxf1+ 31.Rxf1 Rd2 32.Bc7 f6 33.h3 Kg7 34.Bb6 Bd7 35.Ba5 Re2 36.Re1 Rxe1+
37.Bxe1 Bc5 38.Kh2 Bc6 39.g4 Be3 40.Kg3 Bf4+ 41.Kf2 Kf7 42.Bb4 Bg5 43.Bc2 Bh4+  1/2-1/2

[Event "URS Spartakiad"]
[Site "URS"]
[Date "1979.??.??"]
[Round "?"]
[White "Sarkisova, N."]
[Black "Zitserman, Tatyana"]
[Result "1-0"]
[WhiteElo "2000"]
[BlackElo "2000"]

1.e4 c5 2.Nf3 Nc6 3.Bb5 d6 4.O-O Bd7 5.c3 Nf6 6.Re1 a6 7.Bf1 g6 8.d4 cxd4
9.cxd4 d5 10.exd5 Nxd5 11.Nc3 Nxc3 12.bxc3 Bg7 13.Bg5 Be6 14.Rb1 b6 15.Qa4 b5
16.Qa3 O-O 17.Rbd1 Qd5 18.Bd3 Qxa2 19.Qxa2 Bxa2 20.Be4 Rac8 21.Ra1 Bc4 22.Rxa6 Nb8
23.Ra7 e6 24.Bb7 Rc7 25.Bf4 Rd7 26.Rea1 Rfd8 27.Ne5 Re7 28.Nxc4 bxc4 29.h3 e5
30.Bg5 f6 31.Be3 Red7 32.d5 f5 33.Bb6 Rf8 34.R1a4 Rff7 35.Bc6 Rxa7 36.Rxa7 Rf8
37.Bb5 e4 38.d6 Bf6 39.Bxc4+ Kh8 40.d7 Nxd7 41.Rxd7 Bxc3 42.Rd8 Rxd8 43.Bxd8 Kg7
44.Kf1 h6 45.Ke2 g5 46.Ke3 Bb2 47.Be6 Kg6 48.g4 fxg4 49.hxg4 h5 50.gxh5+ Kxh5
51.Kxe4 Bc1 52.Kf5 Bf4 53.Be7 Bd2 54.Bf7+ Kh4 55.Bd6 Bc1 56.Bc5 Bb2 57.Be3 g4
58.Bf4 Bc3 59.Bg3+ Kh3 60.Bh5 Be1 61.Kf4 Bd2+ 62.Ke4 Be1 63.Ke3 Bb4 64.Ke2 Be7
65.Kf1 Bd6 66.Bxd6 g3 67.fxg3  1-0

[Event "URS Spartakiad"]
[Site "URS"]
[Date "1979.??.??"]
[Round "?"]
[White "Govashelishvili, Genadij"]
[Black "Bezhan, G."]
[Result "1-0"]
[WhiteElo "2200"]
[BlackElo "2200"]

1.e4 c5 2.Nf3 Nc6 3.Bb5 g6 4.O-O Bg7 5.c3 Nf6 6.Qe2 O-O 7.Rd1 Qc7 8.d3 d6
9.Nbd2 Bd7 10.Nf1 a6 11.Ba4 Nd4 12.cxd4 Bxa4 13.b3 Bd7 14.Bb2 cxd4 15.Nxd4 e5
16.Nc2 d5 17.Rdc1 Qb8 18.Ba3 Re8 19.Nce3 Bc6 20.f3 Qd8 21.Qe1 a5 22.Kh1 a4
23.b4 Qd7 24.Rd1 Qe6 25.Nc2 Nh5 26.Bb2 f5 27.exf5 gxf5 28.d4 e4 29.Qh4 Qg6
30.f4 Bf6 31.Qf2 Kf7 32.Nfe3 Ng7 33.b5 Bxb5 34.Nxd5 Bd8 35.Nc3 Bd3 36.Nd5 Rg8
37.Ndb4 Bc4 38.Ne3 Bb5 39.d5 Nh5 40.d6 Bb6 41.Bd4 Bd8 42.Be5 Nf6 43.Rac1 Nd7
44.Ba1 Re8 45.Rd5 Bb6 46.Rxb5  1-0

[Event "URS Spartakiad"]
[Site "URS"]
[Date "1979.??.??"]
[Round "?"]
[White "Nasybullin, Vladislav"]
[Black "Mamatov, Dair"]
[Result "1-0"]
[WhiteElo "2200"]
[BlackElo "2200"]

1.e4 c5 2.Nf3 Nc6 3.Bb5 g6 4.O-O Bg7 5.c3 d6 6.d4 Qb6 7.Na3 Bd7 8.Be3 Nf6
9.Qa4 cxd4 10.cxd4 d5 11.e5 Ng4 12.Bg5 a6 13.Bxc6 Bxc6 14.Qc2 f6 15.exf6 exf6
16.Rfe1+ Kf7 17.Bf4 Rhe8 18.Nc4 Rxe1+ 19.Rxe1 Qd8 20.Qe2 Bf8 21.Qe6+ Kg7
22.Nd6 g5 23.Qf7+ Kh8 24.Re8 Qxe8 25.Nxe8 Rxe8 26.h3 gxf4 27.hxg4 Bg7 28.Nh4 Rf8
29.Qc7 Kg8 30.Nf5 Rf7 31.Qxf4 Bf8 32.Qb8 Rd7 33.Qe8 a5 34.b3 a4 35.bxa4  1-0

[Event "URS Spartakiad"]
[Site "URS"]
[Date "1979.??.??"]
[Round "?"]
[White "Bronstein, David I"]
[Black "Panchenko, Alexander N"]
[Result "1/2-1/2"]
[WhiteElo "2555"]
[BlackElo "2485"]

1.e4 c5 2.Nf3 Nc6 3.Bb5 e6 4.Bxc6 bxc6 5.d3 Ne7 6.Ng5 f6 7.Nh3 g6 8.f4 Bg7
9.Nf2 d6 10.c4 f5 11.Nd2 e5 12.fxe5 Bxe5 13.Nf3 Bg7 14.Bd2 Bxb2 15.Rb1 Bg7
16.Qc1 O-O 17.O-O Kh8 18.e5 dxe5 19.Bc3 Ng8 20.Re1 Nf6 21.Nxe5 Kg8 22.Qa3 Qd6
23.Nf3 Rd8 24.h3 h6 25.Rbd1 Be6 26.Be5 Qf8 27.Bc7 Re8 28.Ne5 Qe7 29.Ba5 Nh5
30.Nf3 g5 31.Bc3 Nf6 32.Ne5 Rac8 33.Ng6 Qf7 34.Ne5 Qe7 35.Ng6 Qd6 36.Be5 Qd7
37.Ba1 Nh5 38.Ne5 Qd6 39.d4 Bf8 40.Qf3 Ng7 41.d5 cxd5 42.cxd5 Bd7 43.Ne4 fxe4
44.Qf7+ Kh8 45.Qxd7 Kh7 46.Qg4 c4 47.Qxe4+ Kg8 48.Bc3 Qa3 49.d6 Bxd6 50.Qd5+ Kh7
51.Qe4+ Kg8 52.Qd5+ Kh7 53.Qe4+ Kg8  1/2-1/2

[Event "URS Spartakiad"]
[Site "URS"]
[Date "1979.??.??"]
[Round "?"]
[White "Akhmilovskaya, Elena"]
[Black "Fatalibekova, Elena"]
[Result "1-0"]
[WhiteElo "2295"]
[BlackElo "2290"]

1.e4 c5 2.Nf3 Nc6 3.Bb5 g6 4.O-O Bg7 5.Re1 Nf6 6.Nc3 O-O 7.e5 Ne8 8.d3 Nc7
9.Bxc6 dxc6 10.h3 Ne6 11.Ne4 b6 12.Neg5 Nd4 13.Bf4 Qd5 14.c4 Nxf3+ 15.Nxf3 Qd8
16.Qe2 Be6 17.Rad1 Qc8 18.Bg5 Re8 19.Bh4 f5 20.d4 cxd4 21.Nxd4 h6 22.f4 Kh7
23.b3 Bg8 24.Qf3 c5 25.Nb5 Be6 26.Nc3 Bd7 27.Nd5 Bc6 28.Qd3 Qb7 29.g4 e6
30.Nf6+ Bxf6 31.Bxf6 Rf8 32.Qg3 Rf7 33.Rd6 Re8 34.Red1 fxg4 35.hxg4 Rd7 36.Rxd7+ Bxd7
37.Qh4 Bc6 38.Rd2 h5 39.gxh5 Rg8 40.Kf1 Bf3 41.hxg6+ Kxg6 42.Qh3 Qc6 43.Rh2 Qb7
44.Qxe6  1-0

[Event "BCF-ch"]
[Site "Brighton"]
[Date "1980.08.06"]
[Round "3"]
[White "Cafferty, Bernard"]
[Black "Baker, Chris W"]
[Result "1-0"]
[WhiteElo "2305"]
[BlackElo "2260"]

1.e4 c5 2.Nf3 Nc6 3.Bb5 Nf6 4.e5 Nd5 5.Nc3 Nc7 6.Bxc6 dxc6 7.d3 g6 8.O-O Bg7
9.h3 O-O 10.Re1 Ne6 11.Bd2 h6 12.Qc1 Kh7 13.Ne4 b6 14.a4 Nc7 15.a5 Bf5 16.Ng3 Be6
17.Ra4 c4 18.dxc4 c5 19.Re4 g5 20.Ra3 Qe8 21.h4 f5 22.exf6 exf6 23.hxg5 fxg5
24.Bc3 Qf7 25.Bxg7 Kxg7 26.Qe1 Rfe8 27.Ne5 Qf8 28.Rf3 Qd6 29.Rd3 Qf8 30.Rf3 Qd6
31.Nh5+ Kh8 32.Qc3 Qd1+ 33.Kh2 Kg8 34.Nf6+ Kf8 35.Ng6+ Kf7 36.Nxe8+ Kxg6
37.Qf6+  1-0

[Event "BCF-ch"]
[Site "Brighton"]
[Date "1980.08.11"]
[Round "7"]
[White "Bellin, Robert"]
[Black "King, Daniel J"]
[Result "1-0"]
[WhiteElo "2440"]
[BlackElo "2330"]

1.e4 c5 2.Nf3 Nc6 3.Bb5 g6 4.O-O Bg7 5.Re1 Nf6 6.Nc3 O-O 7.e5 Ne8 8.Bxc6 dxc6
9.h3 Nc7 10.b3 Ne6 11.Bb2 Nd4 12.Ne4 b6 13.d3 h6 14.Ng3 Be6 15.c4 Nxf3+ 16.Qxf3 Qc7
17.Qe3 Rad8 18.Rad1 Qd7 19.Rd2 Qc8 20.Red1 Rfe8 21.Ne2 Bd7 22.a3 a5 23.a4 Kh7
24.f4 h5 25.Kh2 Bh6 26.Ng1 Bf5 27.Nf3 Rg8 28.Bc1 Rgf8 29.Re2 Rfe8 30.Rf2 Rf8
31.Qe2 Qd7 32.Qe3 Qc8 33.Rff1 Rg8 34.Qe2 Rgf8 35.Nh4 Rh8 36.Nxf5 Qxf5 37.g4 hxg4
38.hxg4 Qd7 39.Kg2 Kg8 40.Be3 Qe6 41.Qf3 Bg7 42.d4 cxd4 43.Bxd4 c5 44.Bc3 Rxd1
45.Rxd1 g5 46.Rd8+ Kh7 47.Qe4+ Qg6 48.f5 Qh6 49.f6+ Qg6 50.Qxg6+ Kxg6 51.Rxh8  1-0

[Event "Berlin tt"]
[Site "Berlin-West"]
[Date "1980.??.??"]
[Round "?"]
[White "Rupeni, Franco"]
[Black "Williams, Arthur H"]
[Result "1/2-1/2"]
[WhiteElo "2270"]
[BlackElo "2270"]

1.e4 c5 2.Nf3 Nc6 3.Bb5 g6 4.O-O Bg7 5.c3 Nf6 6.e5 Nd5 7.d4 cxd4 8.cxd4 O-O
9.Nc3 Nc7 10.Ba4 d6 11.Bxc6 bxc6 12.Qa4 Bd7 13.exd6 exd6 14.Bg5 f6 15.Bf4 Be8
16.Ne4 Nb5 17.h4 h6 18.Qc4+ Kh8 19.d5 f5 20.Nc3 Rc8 21.Nxb5 cxb5 22.Qb4 Rc5
23.Qd2 Kh7 24.Rac1 Bf7 25.Rxc5 dxc5 26.d6 Re8 27.Rd1 Qd7 28.Re1 Rxe1+ 29.Nxe1 Be8
30.Nd3 Bd4 31.Be5 c4 32.Bxd4 cxd3 33.Be5 Qe6 34.f4 Qd5 35.Kf1 Bc6 36.b3 g5
37.hxg5 hxg5 38.Ke1 Kg6 39.Qf2 b4 40.Kd1 Qe4 41.g3 a5 42.Kd2 g4 43.Qe3 Qg2+
44.Kxd3 Qxa2 45.Kd4 Qg2 46.Qd3 Qg1+ 47.Qe3 Qd1+ 48.Qd3 Qg1+  1/2-1/2